Представление документа в формате RUSMARC

ПолеНазваниеЗначение
  Тип записи a
  Библиографический уровень m
001 Контрольный номер UONB/MAIN/8aec4536b7234aedaf7b1cc3d44bcac7
005 Дата корректировки 20240620114221.3
010 Индекс ISBN __
d Цена 1 р. 72 к.
9 Тираж 2000 экз.
b Уточнения в пер.
100 Данные общей обработки __
a Данные общей обработки 20240620d1966 u y0rusy0189 ca
101 Язык документа 0_
a Язык текста rus
102 Страна публикации __
a Страна публикации RU
105 Кодированные данные (монография) __
a Кодированные данные (монография) a z 000yy
200 Заглавие и сведения об ответственности 1_
a Заглавие Протяжные и фрезерно-отрезные станки
g Последующие сведения об ответственности М-во станкостроит. и инструм. пром-сти СССР, Спец. конструкторское бюро № 12
e Сведения, относящиеся к заглавию проектно-конструкторские и науч.-исслед. работы. 1962-1964 гг.
f Первые сведения об ответственности сост. В.А. Крюк, В.В. Кузнецов, В.В. Лебедевич, О.В. Якубович
203 Вид содержания и тип средства __
a Вид содержания Текст
b Характеристика содержания визуальный
c Тип средства непосредственный
210 Выходные данные 1_
a Место издания Минск
c Издательство Полымя
d Дата издания 1966
215 Физическое описание __
a Объем 367 с.
d Формат 22х30 см
c Иллюстрации/тип воспроизводства ил.
606 Тематические рубрики 0_
a Основная рубрика Протяжные станки
j Формальный подзаголовок Чертежи
606 Тематические рубрики 0_
a Основная рубрика Пилы для резки металла
j Формальный подзаголовок Чертежи
610 Ключевые слова 0_
a Ключевые слова протяжные станки; чертежи; пилы; резка металла
675 Индекс УДК __
a Индекс УДК 6П4.653(085)
675 Индекс УДК __
a Индекс УДК 6П4.69(085)
686 Индексы других классификаций __
a Классификационный индекс 34
2 Код системы rubbk
702 Вторичная интеллектуальная ответственность _1
a Фамилия Крюк
b Имя (инициалы) В.А.
4 Код отношения 220
702 Вторичная интеллектуальная ответственность _1
a Фамилия Кузнецов
b Имя (инициалы) В.В.
4 Код отношения 220
702 Вторичная интеллектуальная ответственность _1
a Фамилия Лебедевич
b Имя (инициалы) В.В.
4 Код отношения 220
702 Вторичная интеллектуальная ответственность _1
a Фамилия Якубович
b Имя (инициалы) О.В.
4 Код отношения 220
712 Наименование организации (Вторичная ответственность) 02
a Организация/ юрисдикция Министерство станкостроительной и инструментальной промышленности СССР
4 Код отношения 570
b Другие уровни Специальное конструкторское бюро № 12
801 Источник записи _0
a Страна RU
b Организация Ульяновская ОНБ
c Дата составления 20240620
g Правила каталогизации RCR
801 Источник записи _1
a Страна RU
b Организация Ульяновская ОНБ
c Дата составления 20240620
g Правила каталогизации RCR
901 Тип документа __
t Тип документа m
909 Создатель записи __
a Создатель записи Полина
b Дата создания записи 20240620